00442nam a22001457a 4500020001800000082001400018100002300032245003000055260004000085300000800125650002300133942000700156952011600163999001700279 a9780061905810 a297.1 NAS aNasr, Syyed Hossin aIslam in The Modern World aNYbHarper Collins Publishersc2010 a472 aIslam 20th Century cBK 00104070aHMIbHMId2016-04-11eFlipkartg590.00l1o297.1 NASp25063r2017-11-06s2017-10-31w2016-04-11yBK c20037d20037